Head of State Flags of Countries #5 - Statistics

General Stats
  • This quiz has been taken 4 times
  • The average score is 12 of 16
Answer Stats
Picture Answer % Correct
Albania
100%
Colombia
100%
Dominican Republic (at sea)
100%
Ecuador
100%
Malawi
100%
Brazil
75%
Hungary
75%
Israel
75%
Liberia
75%
Montenegro
75%
Peru
75%
Senegal
75%
Guyana
50%
Fiji
25%
Lesotho
25%
Namibia
25%
No matching quizzes found
Score Distribution
Percent of People with Each Score
Percentile by Number Answered
Your Score History
You have not taken this quiz